000 00584cam a2200217 i 4500
001 4177690
005 20180202071016.0
008 760609s1974 njua b 001 0 eng
010 _a 79166363
020 _a0691098697
040 _aDLC
_cDLC
_dDLC
041 _aeng
080 _a291.13 JOS
082 0 0 _a291.13 JOS
100 1 _a24
101 _aANT
245 1 4 _aThe mythic image /
_cby Joseph Campbell ; assisted by M. J. Abadie
504 _aIncludes bibliographical references and index.
906 _a7
_bcbc
_corignew
_du
_encip
_f19
_gy-gencatlg
942 _2ddc
_cBK
999 _c41636
_d41636